Reminiscences of a much travelled little girl /

Bibliographic Details
Format: Microform Book
Language:English
Series:Opie collection of children's literature ; 036:227.
Subjects:

MARC

Tag First Indicator Second Indicator Subfields
LEADER 00000cam a2200000Ia 4500
001 in00002598705
005 20151201154504.0
007 he amb---bacp
007 hz bhb---babp
008 060103s1883 ii b 000 0 eng d
035 |a (OCoLC)ocm62770560 
037 |a CL0021000036  |b ProQuest Information and Learning 300 N. Zeeb Rd., Ann Arbor, MI 48103-1553 
040 |a UMI  |c UMI  |d UtOrBLW 
049 |a UMIA 
090 |a PZ5  |b .O67 1990 no.036:227. 
245 0 0 |a Reminiscences of a much travelled little girl /  |c "La fille de [as printed] Regiment." 
264 3 |a Delhi :  |b Printed at the "Punjab Herald" Press,  |c 1883. 
300 |a 32 pages 
336 |a text  |b txt  |2 rdacontent 
337 |a microform  |b h  |2 rdamedia 
338 |a microfiche  |b he  |2 rdacarrier 
500 |a Title vignette. 
500 |a Reproduction of original in the Bodleian Library. 
510 4 |a Opie,  |c AA 2260 
533 |a Microfiche.  |b Ann Arbor, Mich. :  |c UMI,  |d 2000.  |e 1 microfiche ; 11 x 15 cm.  |f (Opie collection of children's literature ; 036:227).  |7 s2000 miun b 
500 |a Microform. 
650 0 |a Children of military personnel  |v Juvenile literature. 
830 0 |a Opie collection of children's literature ;  |v 036:227. 
994 |a 02  |b UMI 
999 |a MARS 
999 f f |s bc086e67-b4b3-34da-9cec-d04c04e54ee8  |i 5c949b86-0890-3734-9779-6a612be3a7d0  |t 0 
952 f f |a Texas A&M University  |b College Station  |c Sterling C. Evans Library  |d Evans: Microforms Fiche (3rd floor)  |t 0  |e PZ5 .O67 1990 no.036:227.  |h Library of Congress classification 
998 f f |a PZ5 .O67 1990 no.036:227.  |t 0  |l Evans: Microforms Fiche (3rd floor)